000
00293nam a22001337a 4500
008
170728b xxu||||| |||| 00| 0 eng d
020
_a
351902327-X
041
_a
ger
080
_a
004
100
_a
31
101
_a
SHK
245
_a
SYSTEMATISCHES PROGRAMMIEREN
_c
WIRTH,N
942
_2
udc
_c
BK
999
_c
22107
_d
22107